[Event "Karl Mala Memorial op-B 16th"]
[Site "Frankfurt"]
[Date "2013.07.12"]
[Round "2"]
[White "Adilipour, Navid"]
[Black "Kuehner, Joergen"]
[Result "0-1"]
[WhiteElo "762"]
[BlackElo "1328"]
[PlyCount "84"]
[EventDate "2013.07.11"]
[EventType "swiss"]
[EventRounds "7"]
[EventCountry "GER"]
[SourceTitle "CBM 155 Extra"]
[Source "ChessBase"]
[SourceDate "2013.08.26"]
[SourceVersion "1"]
[SourceVersionDate "2013.08.26"]
[SourceQuality "1"]

1. e4 c5 2. Nc3 d6 3. Bc4 Nf6 4. Nf3 Bg4 5. h3 Bh5 6. g4 Bg6 7. e5 Ne4 8. Qe2 Nxc3 9. dxc3 e6 10. Bg5 Be7 11. Rd1 d5 12. Bb5+ Nc6 13. c4 Bxg5 14. Nxg5 Qxg5 15. cxd5 exd5 16. Rxd5 Qc1+ 17. Qd1 Qxc2 18. Qxc2 Bxc2 19. 0-0 0-0 20. Rxc5 Nd4 21. Bc4 Rac8 22. Rxc8 Rxc8 23. Bd5 b6 24. f4 Rd8 25. Bc4 b5 26. Bxf7+ Kxf7 27. f5 Be4 28. f6 Nf3+ 29. Kg2 Nd2+ 30. Kg1 Nxf1 31. Kxf1 gxf6 32. exf6 Kxf6 33. h4 Rd2 34. g5+ Kg6 35. Ke1 Rxb2 36. a3 Rh2 37. h5+ Kxg5 38. h6 Rg2 39. a4 b4 40. a5 b3 41. a6 b2 42. Kf1 b1R# 0-1